[Event "Europa tch 2011 femenino"]
[Site "Porto Carras"]
[Date "2011.11.07"]
[Round "5.14"]
[White "Moser, Eva"]
[Black "Johnsen, Sylvia"]
[Result "1-0"]
[WhiteElo "2448"]
[BlackElo "2028"]
[PlyCount "79"]
[EventDate "2011.11.03"]
[EventType "team"]
[EventRounds "9"]
[EventCountry "GRE"]
[Source "lmi"]
[SourceDate "2011.11.03"]
[WhiteTeamCountry "NED"]
[BlackTeamCountry "GRE"]

1. b3 b6 2. Bb2 Bb7 3. e3 Nf6 4. f4 e6 5. Nf3 Be7 6. Bd3 O-O 7. Nc3 d5 8. O-O
Nbd7 9. Be2 c5 10. Qe1 a6 11. Nd1 b5 12. Qg3 Nh5 13. Qh3 g6 14. Nf2 Bf6 15.
Bxf6 Qxf6 16. g4 Nxf4 17. exf4 Qxf4 18. Nd3 Qf6 19. Nfe5 Qe7 20. Nxd7 Qxd7 21.
Nxc5 Qe7 22. Nxb7 Qxb7 23. Qg3 Rac8 24. Bd3 Qb6+ 25. Qe3 d4 26. Qe5 Rcd8 27. a4
Rd5 28. Qf6 b4 29. Rf2 a5 30. Re1 Qd8 31. Qxd8 Rfxd8 32. h4 h6 33. Rfe2 Kg7 34.
Re5 R8d7 35. Kf2 Kf6 36. g5+ Kg7 37. Bc4 Rxe5 38. Rxe5 Ra7 39. Kf3 hxg5 40.
hxg5 1-0

[Event "Europa tch 2011 femenino"]
[Site "Porto Carras"]
[Date "2011.11.07"]
[Round "5.14"]
[White "Reppen, Ellisiv"]
[Black "Exler, Veronika"]
[Result "0-1"]
[WhiteElo "1949"]
[BlackElo "2124"]
[PlyCount "148"]
[EventDate "2011.11.03"]
[EventType "team"]
[EventRounds "9"]
[EventCountry "GRE"]
[Source "lmi"]
[SourceDate "2011.11.03"]
[WhiteTeamCountry "NED"]
[BlackTeamCountry "GRE"]

1. e4 c6 2. d4 d5 3. Nc3 dxe4 4. Nxe4 Bf5 5. Ng3 Bg6 6. Nf3 Nd7 7. h4 h6 8. h5
Bh7 9. Bd3 Bxd3 10. Qxd3 e6 11. Bf4 Qa5+ 12. c3 Ngf6 13. Qe2 Be7 14. Ne5 Nxe5
15. Bxe5 O-O 16. O-O Rfe8 17. Rfe1 Nd7 18. Bf4 Bg5 19. Bxg5 Qxg5 20. Ne4 Qe7
21. Qf3 Rad8 22. Rad1 Nb6 23. Nc5 Rd5 24. Re4 Nc4 25. b3 Nd6 26. Re5 Nf5 27.
Nd3 Rxe5 28. Nxe5 Rd8 29. Qe2 Rd5 30. Nf3 Nh4 31. Ne5 Nf5 32. Nf3 Qd8 33. Re1
Qa5 34. Qc2 Nd6 35. Ne5 c5 36. Rd1 cxd4 37. cxd4 Qd8 38. Qe2 Nf5 39. Nf3 Nxd4
40. Nxd4 Rxd4 41. Rxd4 Qxd4 42. Qb5 Qd1+ 43. Kh2 Qd6+ 44. g3 Qc6 45. Qa5 Qb6
46. Qd2 Kf8 47. Qf4 Ke7 48. b4 Qd6 49. Qh4+ Ke8 50. Qc4 Kd7 51. Qb5+ Qc6 52.
Qd3+ Qd5 53. Qe2 a6 54. a3 Ke8 55. Qg4 Qf5 56. Qd1 Qxf2+ 57. Kh3 Qf5+ 58. Kh2
Qd5 59. Qg4 Qa2+ 60. Kh3 Qxa3 61. Qxg7 Qxb4 62. Qxh6 Qe4 63. Qg5 Kf8 64. Qd8+
Kg7 65. Qg5+ Kh7 66. Qe7 Qh1+ 67. Kg4 Qe4+ 68. Kh3 Qf5+ 69. Kh4 b5 70. g4 Qf2+
71. Kh3 Qf3+ 72. Kh4 Qf4 73. Qb7 Kh6 74. Qg2 f5 0-1

[Event "Europa tch 2011 femenino"]
[Site "Porto Carras"]
[Date "2011.11.08"]
[Round "6.1"]
[White "Gunina, Valentina"]
[Black "Majdan Gajewska, Joanna"]
[Result "0-1"]
[WhiteElo "2514"]
[BlackElo "2386"]
[PlyCount "72"]
[EventDate "2011.11.03"]
[EventType "team"]
[EventRounds "9"]
[EventCountry "GRE"]
[Source "lmi"]
[SourceDate "2011.11.03"]
[WhiteTeamCountry "NED"]
[BlackTeamCountry "GRE"]

1. d4 d5 2. c4 dxc4 3. Nf3 Nf6 4. e3 e6 5. Bxc4 c5 6. O-O a6 7. a4 Nbd7 8. Qe2
b6 9. e4 Bb7 10. d5 e5 11. Nh4 g6 12. f4 Nh5 13. Nf5 Nxf4 14. Bxf4 exf4 15. e5
gxf5 16. Nc3 Bg7 17. e6 Ne5 18. exf7+ Kf8 19. Rxf4 Bc8 20. Re1 Ra7 21. d6 h5
22. Rf3 Nxf7 23. Nd5 Nxd6 24. Nf4 Rh6 25. Rg3 Bd4+ 26. Kh1 Rg7 27. Rxg7 Kxg7
28. Nxh5+ Kh8 29. Bd5 Ne4 30. Bxe4 fxe4 31. Rf1 Qg8 32. h3 Be6 33. Nf4 Bc4 34.
Ng6+ Rxg6 35. Qh5+ Kg7 36. Rf4 e3 0-1

[Event "Europa tch 2011 femenino"]
[Site "Porto Carras"]
[Date "2011.11.08"]
[Round "6.1"]
[White "Kosintseva, Nadezhda"]
[Black "Socko, Monika"]
[Result "1-0"]
[WhiteElo "2546"]
[BlackElo "2479"]
[PlyCount "109"]
[EventDate "2011.11.03"]
[EventType "team"]
[EventRounds "9"]
[EventCountry "GRE"]
[Source "lmi"]
[SourceDate "2011.11.03"]
[WhiteTeamCountry "NED"]
[BlackTeamCountry "GRE"]

1. e4 e6 2. d4 d5 3. Nc3 Bb4 4. e5 Ne7 5. a3 Bxc3+ 6. bxc3 c5 7. Qg4 Kf8 8. a4
Qc7 9. Nf3 cxd4 10. Qxd4 Nbc6 11. Qc5 Qa5 12. Qa3 f6 13. exf6 gxf6 14. Be2 Kf7
15. O-O Qc7 16. c4 e5 17. cxd5 Nxd5 18. Nh4 Nd4 19. Bh5+ Ke6 20. Bb2 Qc4 21.
Bxd4 Qxd4 22. g3 b5 23. Rad1 Qc3 24. Bg4+ Kf7 25. Qa2 Bxg4 26. Qxd5+ Kg7 27.
Qb7+ Kh6 28. Rd6 Rhf8 29. Qe7 e4 30. Qxe4 Bh3 31. axb5 Rae8 32. Nf5+ Kg6 33.
Ne7+ Kg7 34. Re1 Qc7 35. Rc6 Qd7 36. Rc3 Kh8 37. Rce3 Qxb5 38. Qh4 Qd7 39. Ng6+
Kg7 40. Re7+ Rf7 41. Rxe8 Kxg6 42. Rg8+ Rg7 43. Qe4+ Bf5 44. Rxg7+ Qxg7 45.
Qe8+ Kh6 46. c4 Qc7 47. Qe3+ Kg6 48. c5 a5 49. Qe8+ Kh6 50. Qf8+ Kg6 51. Re7
Qc6 52. Qe8+ Qxe8 53. Rxe8 a4 54. c6 a3 55. c7 1-0

[Event "Europa tch 2011 femenino"]
[Site "Porto Carras"]
[Date "2011.11.08"]
[Round "6.1"]
[White "Szczepkowska-H., Karina"]
[Black "Kosteniuk, Alexandra"]
[Result "1/2-1/2"]
[WhiteElo "2379"]
[BlackElo "2439"]
[PlyCount "60"]
[EventDate "2011.11.03"]
[EventType "team"]
[EventRounds "9"]
[EventCountry "GRE"]
[Source "lmi"]
[SourceDate "2011.11.03"]
[WhiteTeamCountry "NED"]
[BlackTeamCountry "GRE"]

1. e4 e5 2. Nf3 Nf6 3. Nc3 Nc6 4. d4 exd4 5. Nxd4 Bb4 6. Nxc6 bxc6 7. Bd3 d5 8.
exd5 cxd5 9. O-O O-O 10. Bg5 c6 11. Na4 h6 12. Bh4 Bd6 13. c4 Be5 14. Bg3 Bxg3
15. hxg3 d4 16. b3 Qa5 17. Re1 Rd8 18. Qf3 Bd7 19. c5 Re8 20. Rec1 Qd2 21. Rd1
Qg5 22. Qf4 Qh5 23. Qh4 Qe5 24. Qf4 Qh5 25. Qh4 Qe5 26. Qf4 Rad8 27. Rd2 Qh5
28. Qh4 Qe5 29. Qf4 Qh5 30. Qh4 Qe5 1/2-1/2

[Event "Europa tch 2011 femenino"]
[Site "Porto Carras"]
[Date "2011.11.08"]
[Round "6.1"]
[White "Zawadzka, Jolanta"]
[Black "Kosintseva, Tatiana"]
[Result "1/2-1/2"]
[WhiteElo "2326"]
[BlackElo "2526"]
[PlyCount "47"]
[EventDate "2011.11.03"]
[EventType "team"]
[EventRounds "9"]
[EventCountry "GRE"]
[Source "lmi"]
[SourceDate "2011.11.03"]
[WhiteTeamCountry "NED"]
[BlackTeamCountry "GRE"]

1. e4 e5 2. Nf3 Nc6 3. Bb5 a6 4. Ba4 Nf6 5. d4 exd4 6. O-O Be7 7. e5 Ne4 8.
Nxd4 O-O 9. Nf5 d5 10. exd6 Bxf5 11. dxe7 Nxe7 12. Bb3 Nc5 13. Nc3 Nxb3 14.
cxb3 Qxd1 15. Rxd1 Rfd8 16. Bf4 c6 17. Bc7 Rxd1+ 18. Rxd1 f6 19. f3 Re8 20. Kf2
Be6 21. b4 Nd5 22. Nxd5 Bxd5 23. a3 Kf7 24. Re1 1/2-1/2

[Event "Europa tch 2011 femenino"]
[Site "Porto Carras"]
[Date "2011.11.08"]
[Round "6.2"]
[White "Javakhishvili, Lela"]
[Black "Zhukova, Natalia"]
[Result "1/2-1/2"]
[WhiteElo "2475"]
[BlackElo "2427"]
[PlyCount "82"]
[EventDate "2011.11.03"]
[EventType "team"]
[EventRounds "9"]
[EventCountry "GRE"]
[Source "lmi"]
[SourceDate "2011.11.03"]
[WhiteTeamCountry "NED"]
[BlackTeamCountry "GRE"]

1. d4 d5 2. c4 e6 3. Nf3 Nf6 4. e3 c5 5. cxd5 exd5 6. Bb5+ Bd7 7. Bxd7+ Nbxd7
8. dxc5 Nxc5 9. O-O Be7 10. Nc3 Rc8 11. b3 Nce4 12. Ne2 O-O 13. Bb2 Re8 14. Rc1
Qa5 15. a3 Qb6 16. Ned4 g6 17. Rc2 Bf8 18. h3 Rcd8 19. Qd3 a6 20. Ne2 Bg7 21.
Bd4 Qd6 22. b4 h5 23. Rfc1 Qb8 24. Bb6 Rc8 25. Bc7 Qa7 26. Nf4 b5 27. Nxd5 Nxd5
28. Qxd5 Nc3 29. Rxc3 Bxc3 30. Bd6 Qd7 31. e4 Qc6 32. Bc5 Bb2 33. Rd1 Red8 34.
Qxd8+ Rxd8 35. Rxd8+ Kh7 36. Ng5+ Kg7 37. Bf8+ Kf6 38. Nh7+ Ke6 39. Ng5+ Kf6
40. Nh7+ Ke6 41. Ng5+ Kf6 1/2-1/2

[Event "Europa tch 2011 femenino"]
[Site "Porto Carras"]
[Date "2011.11.08"]
[Round "6.2"]
[White "Khurtsidze, Nino"]
[Black "Muzychuk, Mariya"]
[Result "1-0"]
[WhiteElo "2440"]
[BlackElo "2460"]
[PlyCount "93"]
[EventDate "2011.11.03"]
[EventType "team"]
[EventRounds "9"]
[EventCountry "GRE"]
[Source "lmi"]
[SourceDate "2011.11.03"]
[WhiteTeamCountry "NED"]
[BlackTeamCountry "GRE"]

1. d4 f5 2. Nc3 d5 3. Bg5 g6 4. Nf3 Bg7 5. Qd2 Nf6 6. Bh6 O-O 7. h4 e6 8. Ne5
Nbd7 9. f3 c5 10. Bxg7 Kxg7 11. O-O-O Qc7 12. Nxd7 Bxd7 13. dxc5 Qxc5 14. h5
Nxh5 15. e4 fxe4 16. g4 Nf6 17. Qh6+ Kg8 18. Nxe4 Qe7 19. Ng5 e5 20. Bd3 Qg7
21. Qh2 Rae8 22. Rde1 e4 23. fxe4 dxe4 24. Bc4+ Kh8 25. Ref1 Re7 26. Rxf6 Rxf6
27. Nxh7 Qxh7 28. Qb8+ Re8 29. Rxh7+ Kxh7 30. Qh2+ Kg7 31. g5 Rfe6 32. Qh6+ Kg8
33. Qxg6+ Kf8 34. Qh7 R8e7 35. Qh8+ Kf7 36. Kd2 e3+ 37. Ke1 b5 38. Bxe6+ Bxe6
39. Qf6+ Ke8 40. g6 Bd5 41. g7 Kd7 42. Qf5+ Kd6 43. Qxd5+ Kxd5 44. g8=Q+ Kc6
45. Ke2 Kc7 46. Qd5 Rd7 47. Qc5+ 1-0

[Event "Europa tch 2011 femenino"]
[Site "Porto Carras"]
[Date "2011.11.08"]
[Round "6.2"]
[White "Lahno, Kateryna"]
[Black "Dzagnidze, Nana"]
[Result "1-0"]
[WhiteElo "2549"]
[BlackElo "2516"]
[PlyCount "241"]
[EventDate "2011.11.03"]
[EventType "team"]
[EventRounds "9"]
[EventCountry "GRE"]
[Source "lmi"]
[SourceDate "2011.11.03"]
[WhiteTeamCountry "NED"]
[BlackTeamCountry "GRE"]

1. c4 Nf6 2. Nf3 c5 3. g3 b6 4. Bg2 Bb7 5. O-O g6 6. Nc3 Bg7 7. d4 cxd4 8. Qxd4
O-O 9. Qh4 d6 10. Bh6 Nbd7 11. Rad1 Rc8 12. b3 Rc5 13. Bxg7 Kxg7 14. g4 h6 15.
Qg3 Qa8 16. h4 a6 17. g5 hxg5 18. hxg5 Nh5 19. Qg4 Qc8 20. Nd5 e6 21. Nf4 Nxf4
22. Qxf4 e5 23. Qd2 e4 24. Nh2 Rf5 25. Ng4 Ne5 26. Nh6 Rh8 27. Qe3 Qe6 28.
Nxf5+ gxf5 29. Qxb6 Nf3+ 30. exf3 exf3 31. Rfe1 fxg2 32. Qxb7 Rh1+ 33. Kxg2
Rxe1 34. Rxe1 Qxe1 35. Qd5 Qe7 36. Qxf5 Qe2 37. Qf6+ Kg8 38. Qxd6 Qxa2 39. Qd8+
Kg7 40. Qf6+ Kg8 41. g6 fxg6 42. Qxg6+ Kf8 43. Qd3 Ke8 44. c5 Qa5 45. Qe4+ Kd8
46. Qh4+ Kc8 47. Qh8+ Kd7 48. Qd4+ Kc8 49. Qa4 Qxc5 50. Qxa6+ Kb8 51. Qd3 Qc6+
52. Kg3 Qh1 53. f4 Qg1+ 54. Kf3 Qh1+ 55. Kg4 Qg2+ 56. Kf5 Qg7 57. Qd8+ Kb7 58.
Qd5+ Ka7 59. Qe6 Qg3 60. Qd7+ Kb8 61. Qb5+ Ka7 62. Qc5+ Ka8 63. Ke5 Qg7+ 64.
Ke4 Qg2+ 65. Kf5 Qh3+ 66. Ke5 Qh8+ 67. Ke6 Qh6+ 68. Kd7 Qg7+ 69. Ke6 Qh6+ 70.
Ke5 Qg7+ 71. Kf5 Qh7+ 72. Kg4 Qg8+ 73. Qg5 Qxb3 74. Qd8+ Kb7 75. Qd7+ Ka8 76.
f5 Qc4+ 77. Kh5 Qe2+ 78. Kg6 Qg4+ 79. Kf6 Qh4+ 80. Ke6 Qh3 81. Qd5+ Kb8 82. Ke7
Qe3+ 83. Kf7 Qh6 84. f6 Qh7+ 85. Ke8 Qh8+ 86. Ke7 Qh4 87. Qd6+ Kc8 88. Ke8 Qh8+
89. Ke7 Qh4 90. Qc5+ Kb7 91. Ke6 Qh6 92. Qb5+ Kc8 93. Qc4+ Kd8 94. Qd4+ Kc8 95.
Ke7 Qg5 96. Qd8+ Kb7 97. Qd7+ Kb8 98. Kf7 Ka8 99. Qe6 Kb8 100. Kf8 Qh6+ 101.
Ke8 Qg6+ 102. Kd7 Qg5 103. f7 Qb5+ 104. Ke7 Qg5+ 105. Qf6 Qe3+ 106. Kd7 Qh3+
107. Qe6 Qh7 108. Qf6 Kb7 109. Qc6+ Kb8 110. Qb6+ Ka8 111. Qa6+ Kb8 112. Qd6+
Kb7 113. Ke8 Qh5 114. Qf6 Kc7 115. Qf4+ Kc6 116. Ke7 Qc5+ 117. Ke6 Qf8 118.
Qc4+ Kb7 119. Qb5+ Kc7 120. Qd7+ Kb6 121. Qd6+ 1-0

[Event "Europa tch 2011 femenino"]
[Site "Porto Carras"]
[Date "2011.11.08"]
[Round "6.2"]
[White "Ushenina, Anna"]
[Black "Paikidze, Nazi"]
[Result "1-0"]
[WhiteElo "2463"]
[BlackElo "2422"]
[PlyCount "143"]
[EventDate "2011.11.03"]
[EventType "team"]
[EventRounds "9"]
[EventCountry "GRE"]
[Source "lmi"]
[SourceDate "2011.11.03"]
[WhiteTeamCountry "NED"]
[BlackTeamCountry "GRE"]

1. d4 Nf6 2. c4 e6 3. Nf3 d5 4. Nc3 Bb4 5. cxd5 exd5 6. Bg5 h6 7. Bh4 c5 8.
dxc5 Nbd7 9. e3 Qa5 10. Rc1 Ne4 11. Qxd5 Nxc3 12. bxc3 Bxc3+ 13. Kd1 O-O 14.
Bc4 Nxc5 15. Be7 Be6 16. Qxc5 Qa4+ 17. Bb3 Bxb3+ 18. axb3 Qxb3+ 19. Ke2 Rfc8
20. Qf5 a5 21. Rhd1 a4 22. Nd2 Qb6 23. Ba3 Rc6 24. Rb1 Qc7 25. Nf3 Bf6 26. Kf1
Rc3 27. Bb2 Rc5 28. Qd3 Rd8 29. Bd4 Rcd5 30. Kg1 Qd7 31. Rdc1 b5 32. h3 Be7 33.
Qe2 b4 34. Ne5 Qe6 35. Qb2 a3 36. Qa1 b3 37. Rc6 b2 38. Qa2 R5d6 39. Qxe6 Rxe6
40. Bxb2 Rb8 41. Rxe6 fxe6 42. Nc4 axb2 43. Rxb2 Rc8 44. Nd2 Rc1+ 45. Kh2 Rc7
46. Kg3 Kf7 47. Kf3 Bf6 48. Rb6 Bd8 49. Ne4 Be7 50. Kf4 Rd7 51. Rc6 Bf8 52. h4
Be7 53. h5 Ra7 54. g4 Rd7 55. Kf3 Ra7 56. Nc3 Rd7 57. Ne2 Bd6 58. Nd4 Ke7 59.
Ke4 Rb7 60. Ra6 Rb1 61. f3 Rb2 62. f4 Rh2 63. Nb5 Bc5 64. Rc6 Bb4 65. Ke5 Re2
66. e4 Kf7 67. Rc7+ Kg8 68. Rc4 Bd2 69. Rc8+ Kh7 70. Nd4 Rg2 71. Nxe6 Bb4 72.
Kf5 1-0

[Event "Europa tch 2011 femenino"]
[Site "Porto Carras"]
[Date "2011.11.08"]
[Round "6.3"]
[White "Havlikova, Kristyna"]
[Black "Guichard, Pauline"]
[Result "1/2-1/2"]
[WhiteElo "2285"]
[BlackElo "2305"]
[PlyCount "35"]
[EventDate "2011.11.03"]
[EventType "team"]
[EventRounds "9"]
[EventCountry "GRE"]
[Source "lmi"]
[SourceDate "2011.11.03"]
[WhiteTeamCountry "NED"]
[BlackTeamCountry "GRE"]

1. e4 Nc6 2. Nf3 d5 3. exd5 Qxd5 4. d4 Bg4 5. Be2 O-O-O 6. Be3 e5 7. Nc3 Qa5 8.
Nxe5 Bxe2 9. Qxe2 Nxe5 10. dxe5 Qxe5 11. O-O Nf6 12. Rad1 Bd6 13. g3 a6 14. Bd4
Qxe2 15. Nxe2 Rde8 16. Nc3 Be5 17. Bxe5 Rxe5 18. Rfe1 1/2-1/2

[Event "Europa tch 2011 femenino"]
[Site "Porto Carras"]
[Date "2011.11.08"]
[Round "6.3"]
[White "Leconte, Maria"]
[Black "Olsarova, Karolina"]
[Result "1-0"]
[WhiteElo "2282"]
[BlackElo "2167"]
[PlyCount "59"]
[EventDate "2011.11.03"]
[EventType "team"]
[EventRounds "9"]
[EventCountry "GRE"]
[Source "lmi"]
[SourceDate "2011.11.03"]
[WhiteTeamCountry "NED"]
[BlackTeamCountry "GRE"]

1. d4 d5 2. Bf4 Nf6 3. e3 Bf5 4. c4 c6 5. Nc3 e6 6. Qb3 Qb6 7. c5 Qxb3 8. axb3
Nbd7 9. b4 Nh5 10. Be5 f6 11. Bc7 g5 12. b5 cxb5 13. Nxb5 a6 14. Bd6 Kd8 15.
Bxf8 Rxf8 16. Nd6 Kc7 17. Nxf5 exf5 18. Bd3 Ng7 19. Ne2 h6 20. Nc3 Kc6 21. Na2
Kc7 22. Nb4 Rad8 23. Nxd5+ Kb8 24. Nb4 f4 25. c6 Nb6 26. cxb7 Rde8 27. Kd2
fxe3+ 28. fxe3 Kxb7 29. Rhc1 Ne6 30. Be4+ 1-0

[Event "Europa tch 2011 femenino"]
[Site "Porto Carras"]
[Date "2011.11.08"]
[Round "6.3"]
[White "Maisuradze, Nino"]
[Black "Nemcova, Katerina"]
[Result "1/2-1/2"]
[WhiteElo "2315"]
[BlackElo "2276"]
[PlyCount "89"]
[EventDate "2011.11.03"]
[EventType "team"]
[EventRounds "9"]
[EventCountry "GRE"]
[Source "lmi"]
[SourceDate "2011.11.03"]
[WhiteTeamCountry "NED"]
[BlackTeamCountry "GRE"]

1. d4 Nf6 2. c4 e6 3. Nc3 Bb4 4. e3 d5 5. Nf3 O-O 6. a3 Bxc3+ 7. bxc3 c6 8. Bd3
b6 9. cxd5 cxd5 10. Qe2 a5 11. O-O Ba6 12. c4 dxc4 13. Bxc4 Bxc4 14. Qxc4 Qd5
15. Qxd5 exd5 16. Bd2 Nbd7 17. Rfc1 Rfc8 18. Rxc8+ Rxc8 19. Rc1 Rxc1+ 20. Bxc1
Ne4 21. Kf1 Kf8 22. Ke2 Ke7 23. Nd2 Nd6 24. f3 f5 25. Kd3 Ke6 26. a4 b5 27.
axb5 Nxb5 28. Nb1 Nb6 29. Nc3 Nxc3 30. Kxc3 Kd6 31. h3 Kc6 32. g4 g6 33. gxf5
gxf5 34. h4 Kb5 35. Kd3 Nc4 36. e4 fxe4+ 37. fxe4 dxe4+ 38. Kxe4 a4 39. Kf5 Kb4
40. d5 a3 41. Bxa3+ Kxa3 42. Ke6 Kb4 43. d6 Nxd6 44. Kxd6 h5 45. Ke5 1/2-1/2

[Event "Europa tch 2011 femenino"]
[Site "Porto Carras"]
[Date "2011.11.08"]
[Round "6.4"]
[White "Hoang, Thanh Trang"]
[Black "Muzychuk, Anna"]
[Result "0-1"]
[WhiteElo "2446"]
[BlackElo "2557"]
[PlyCount "102"]
[EventDate "2011.11.03"]
[EventType "team"]
[EventRounds "9"]
[EventCountry "GRE"]
[Source "lmi"]
[SourceDate "2011.11.03"]
[WhiteTeamCountry "NED"]
[BlackTeamCountry "GRE"]

1. d4 Nf6 2. Bg5 e6 3. e4 h6 4. Bxf6 Qxf6 5. Nc3 Bb4 6. Nf3 Bxc3+ 7. bxc3 d6 8.
e5 Qe7 9. Bd3 b6 10. O-O Bb7 11. a4 O-O 12. Re1 Nd7 13. exd6 cxd6 14. c4 Nf6
15. Nd2 Qc7 16. Qb1 d5 17. cxd5 Qc3 18. Ne4 Nxe4 19. Bxe4 exd5 20. Bf3 Qxd4 21.
Qb5 Rac8 22. Rad1 Qc3 23. Re7 Rc7 24. Rxc7 Qxc7 25. a5 Qxc2 26. axb6 d4 27.
Rxd4 Bxf3 28. gxf3 Qg6+ 29. Rg4 Qxb6 30. Qe5 g6 31. h4 Qc6 32. Kg2 Re8 33. Qa5
a6 34. h5 Qb5 35. Qxb5 axb5 36. hxg6 f5 37. Rf4 Rb8 38. Rb4 Kg7 39. Kg3 Kxg6
40. Kh4 Rb7 41. Kg3 Rb6 42. Kf4 Kf6 43. Rb1 b4 44. Rh1 Kf7 45. Kxf5 b3 46. Rb1
b2 47. f4 Rb5+ 48. Kg4 Kf6 49. Kh4 Kf5 50. Kg3 Rb3+ 51. f3 Rb6 0-1

[Event "Europa tch 2011 femenino"]
[Site "Porto Carras"]
[Date "2011.11.08"]
[Round "6.4"]
[White "Rozic, Vesna"]
[Black "Gara, Ticia"]
[Result "1/2-1/2"]
[WhiteElo "2263"]
[BlackElo "2375"]
[PlyCount "84"]
[EventDate "2011.11.03"]
[EventType "team"]
[EventRounds "9"]
[EventCountry "GRE"]
[Source "lmi"]
[SourceDate "2011.11.03"]
[WhiteTeamCountry "NED"]
[BlackTeamCountry "GRE"]

1. d4 Nf6 2. Nf3 g6 3. g3 Bg7 4. Bg2 d5 5. O-O O-O 6. c4 dxc4 7. Na3 Nc6 8.
Nxc4 Be6 9. b3 Bd5 10. Bb2 a5 11. Ne3 Be4 12. a3 Bh6 13. Nc4 Bd5 14. Qd3 Be4
15. Qd1 Bd5 16. Qd3 Be4 17. Qd1 Qd5 18. e3 Qe6 19. Nce5 Nxe5 20. Nxe5 Bxg2 21.
Kxg2 Rfd8 22. Rc1 Rac8 23. b4 axb4 24. axb4 Nd5 25. Qf3 Qf6 26. b5 Bg7 27. Qxf6
Bxf6 28. Nd3 e6 29. Ra1 Ra8 30. Rxa8 Rxa8 31. Ra1 Rxa1 32. Bxa1 Be7 33. e4 Nb4
34. Nxb4 Bxb4 35. Kf1 Kf8 36. Ke2 Ke7 37. Kd3 Kd6 38. f3 Be1 39. g4 Bb4 40. Bb2
Ba5 41. Ba3+ Kd7 42. h3 Be1 1/2-1/2

[Event "Europa tch 2011 femenino"]
[Site "Porto Carras"]
[Date "2011.11.08"]
[Round "6.4"]
[White "Rudolf, Anna"]
[Black "Srebrnic, Ana"]
[Result "1/2-1/2"]
[WhiteElo "2347"]
[BlackElo "2219"]
[PlyCount "134"]
[EventDate "2011.11.03"]
[EventType "team"]
[EventRounds "9"]
[EventCountry "GRE"]
[Source "lmi"]
[SourceDate "2011.11.03"]
[WhiteTeamCountry "NED"]
[BlackTeamCountry "GRE"]

1. e4 g6 2. d4 Bg7 3. Nf3 d6 4. Be2 Nf6 5. Nc3 O-O 6. O-O c6 7. Bf4 Nbd7 8. h3
Nh5 9. Bg5 h6 10. Be3 e5 11. Qd2 Kh7 12. Nh2 Nhf6 13. f4 exd4 14. Bxd4 Qe7 15.
Bf3 Nb6 16. Rae1 Be6 17. b3 Rad8 18. Qf2 c5 19. Be3 Nfd7 20. Nd5 Bxd5 21. exd5
Qf6 22. c4 Rfe8 23. Re2 Re7 24. Rfe1 Rde8 25. Nf1 Nc8 26. Kh1 a6 27. g4 Qc3 28.
Rc1 Qf6 29. Ng3 Rxe3 30. Rxe3 Qxf4 31. Rxe8 Qxc1+ 32. Kg2 Ncb6 33. Be4 Nf6 34.
Re7 Kg8 35. Qe2 Nbd7 36. Bf3 Bf8 37. Re3 b5 38. Nf1 b4 39. Nd2 Ne5 40. Be4 Bg7
41. Nf1 a5 42. Nd2 Nfd7 43. h4 Nf6 44. Bf3 Nfxg4 45. Bxg4 Nxg4 46. Qxg4 Qxd2+
47. Re2 Qd3 48. Re8+ Kh7 49. Qf4 f5 50. Qxd6 Qd2+ 51. Kh3 f4 52. Re7 Qc3+ 53.
Kg2 Qg3+ 54. Kf1 Qxh4 55. Qxc5 Qh3+ 56. Ke1 Qc3+ 57. Kf2 Qg3+ 58. Kf1 Qh3+ 59.
Ke2 Qg2+ 60. Qf2 f3+ 61. Ke1 Qh1+ 62. Kd2 Kg8 63. Re8+ Kh7 64. Re7 Qg2 65. Ke1
Qh1+ 66. Kd2 Qg2 67. Ke1 Qh1+ 1/2-1/2

[Event "Europa tch 2011 femenino"]
[Site "Porto Carras"]
[Date "2011.11.08"]
[Round "6.5"]
[White "Haast, Anne"]
[Black "Eric, Jovana"]
[Result "0-1"]
[WhiteElo "2268"]
[BlackElo "2236"]
[PlyCount "118"]
[EventDate "2011.11.03"]
[EventType "team"]
[EventRounds "9"]
[EventCountry "GRE"]
[Source "lmi"]
[SourceDate "2011.11.03"]
[WhiteTeamCountry "NED"]
[BlackTeamCountry "GRE"]

1. e4 c5 2. Nf3 d6 3. d4 cxd4 4. Nxd4 Nf6 5. Nc3 g6 6. Be3 Bg7 7. f3 Nc6 8. Qd2
O-O 9. O-O-O d5 10. exd5 Nxd5 11. Nxc6 bxc6 12. Bd4 Nxc3 13. Qxc3 Bh6+ 14. Be3
Bxe3+ 15. Qxe3 Qb6 16. Qc3 Be6 17. h4 Rfd8 18. Bd3 Qe3+ 19. Kb1 c5 20. h5 Qd4
21. hxg6 hxg6 22. Qxd4 Rxd4 23. Rde1 Kg7 24. g4 Rb8 25. Re2 Rdb4 26. c4 Rd8 27.
Bc2 a5 28. Re5 Rdb8 29. b3 Rxc4 30. Kc1 Rf4 31. Be4 Rc8 32. g5 Bf5 33. Bxf5
Rxf5 34. Rxe7 c4 35. bxc4 Rxc4+ 36. Kb2 Rb5+ 37. Ka1 Rxg5 38. Re2 Rc3 39. Rf1
Rf5 40. Ref2 Rfc5 41. Kb1 a4 42. Rb2 g5 43. Rb4 a3 44. Rb3 Kg6 45. Rb7 f6 46.
Rb4 Kf5 47. Rb6 Rc6 48. Rb4 Re3 49. Rb5+ Kf4 50. Rb4+ Ke5 51. Rb5+ Ke6 52. Rb4
f5 53. Ra4 Ke5 54. Rb4 Rcc3 55. f4+ gxf4 56. Rb5+ Kf6 57. Rb6+ Kg5 58. Rb4 f3
59. Rg1+ Kf6 0-1

[Event "Europa tch 2011 femenino"]
[Site "Porto Carras"]
[Date "2011.11.08"]
[Round "6.5"]
[White "Schut, Lisa"]
[Black "Chelushkina, Irina"]
[Result "1/2-1/2"]
[WhiteElo "2284"]
[BlackElo "2276"]
[PlyCount "128"]
[EventDate "2011.11.03"]
[EventType "team"]
[EventRounds "9"]
[EventCountry "GRE"]
[Source "lmi"]
[SourceDate "2011.11.03"]
[WhiteTeamCountry "NED"]
[BlackTeamCountry "GRE"]

1. e4 g6 2. d4 Bg7 3. Be3 c6 4. Nc3 d6 5. Nf3 Nd7 6. Qd2 b5 7. Bd3 a6 8. O-O e5
9. a4 b4 10. Ne2 exd4 11. Bxd4 Ngf6 12. Ng3 O-O 13. Rfe1 c5 14. Be3 Ng4 15. Bg5
Qc7 16. c3 bxc3 17. bxc3 c4 18. Bf1 Nc5 19. Bxc4 Ne6 20. Bxe6 fxe6 21. Rac1 Rb8
22. Bf4 e5 23. Bg5 Be6 24. h3 Nf6 25. c4 Rb3 26. Re3 Rb6 27. Rec3 Rc6 28. Be3
Rc8 29. Ng5 Bxc4 30. Ne6 Qd7 31. Nxg7 Kxg7 32. Bh6+ Kh8 33. Rf3 Ng8 34. Bg5 Kg7
35. Qb2 h6 36. Bd2 Be6 37. Rxc6 Rxc6 38. Kh2 Qc7 39. Rc3 Rxc3 40. Bxc3 Kf7 41.
a5 Nf6 42. Qd2 h5 43. Qe3 Bc4 44. f4 h4 45. Nh1 Qc5 46. Qe1 exf4 47. Qxh4 Nh5
48. Qf2 Qe3 49. Bd2 Qxe4 50. g4 Bd5 51. Qf1 Qc2 52. Qf2 Qb1 53. Ng3 Nxg3 54.
Qxf4+ Nf5 55. gxf5 gxf5 56. Kg3 Qd3+ 57. Qe3 Qe4 58. Qxe4 Bxe4 59. Kf4 Kg6 60.
Bb4 d5 61. Bc3 Kh5 62. Bf6 Kg6 63. Bd4 Kf7 64. Kg5 Kg8 1/2-1/2

[Event "Europa tch 2011 femenino"]
[Site "Porto Carras"]
[Date "2011.11.08"]
[Round "6.5"]
[White "Stojanovic, Andjelija"]
[Black "Lanchava, Tea"]
[Result "1/2-1/2"]
[WhiteElo "2280"]
[BlackElo "2320"]
[PlyCount "136"]
[EventDate "2011.11.03"]
[EventType "team"]
[EventRounds "9"]
[EventCountry "GRE"]
[Source "lmi"]
[SourceDate "2011.11.03"]
[WhiteTeamCountry "NED"]
[BlackTeamCountry "GRE"]

1. e4 g6 2. d4 Bg7 3. Nc3 c6 4. Be3 d6 5. Qd2 Nd7 6. Nf3 b5 7. Bd3 Bb7 8. h3 a6
9. Ne2 e6 10. Ng3 h6 11. a4 Ne7 12. O-O Kf8 13. axb5 cxb5 14. Qb4 Qc7 15. Bf4
e5 16. dxe5 Nxe5 17. Nxe5 dxe5 18. Be3 Kg8 19. c4 Nc6 20. Qc5 b4 21. Qb6 Qxb6
22. Bxb6 Bf6 23. c5 Kg7 24. Bc4 Bd8 25. Bxd8 Rhxd8 26. Bd5 Rd7 27. Ra4 Nd4 28.
Rxb4 Bxd5 29. exd5 Rxd5 30. Ne4 Ra7 31. Rc4 Nc6 32. Ra1 Rd4 33. Nd6 Kf6 34.
Rxd4 exd4 35. Nc8 Rc7 36. Nd6 Ke5 37. Rxa6 Kd5 38. Ne8 Re7 39. Nf6+ Kxc5 40.
Kf1 Nb4 41. Ra5+ Kc4 42. f3 Nd3 43. Ne4 Nxb2 44. Rc5+ Kb4 45. Rc8 d3 46. Rb8+
Ka3 47. Nd2 Rc7 48. g4 g5 49. Kf2 Nd1+ 50. Ke1 Nb2 51. Kf2 Nd1+ 52. Ke1 Nc3 53.
Nb1+ Nxb1 54. Rxb1 Rc2 55. Rb7 Re2+ 56. Kd1 Rf2 57. Rxf7 Kb3 58. Rf6 Kc3 59.
Rc6+ Kd4 60. Rxh6 Ke3 61. Re6+ Kf4 62. Rf6+ Kg3 63. Rf5 Kh4 64. Ke1 Re2+ 65.
Kd1 Rf2 66. Ke1 d2+ 67. Kd1 Kxh3 68. Rxg5 Rxf3 1/2-1/2